000 00724nam a22002177a 4500
003 UA-OsUOA
001 61627
007 ta
008 20090708b un ||||| |||| 00| 0 ukr d
100 _aЗоидов К.Х.
090 _a330
_bЗ-78
942 _cSA
040 _aUA-OsUOA
_brus
_cUA-OsUOA
_dUA-OsUOA
245 _aЭволюционный подход и его значение для развития экономической науки в постсоветских странах
300 _aС.96-112
955 _a0
041 _arus
080 _a330
773 0 _w61626
_tЭкономика иматематические методы
_dМ.
_d2009
_g2
650 7 _a330 Економіка взагалі
_2UDC
999 _c347284
_d347284